Vacular Plants 7 : Monocots 3 (Poaceae). Clicking 2 - Statistics

General Stats
  • This quiz has been taken 8 times
  • The average score is 7 of 18
Answer Stats
Hint Answer % Correct
Agrostis capillaris
100%
Anthoxanthum odoratum
100%
Avenella flexuosa
100%
Alopecurus pratensis
50%
Calamagrostis phragmitoides
50%
Elymus repens
50%
Festuca rubra
50%
Glyceria fluitans
50%
Phleum pratense
50%
Phragmites australis
50%
Calamagrostis epigejos
0%
Calamagrostis strica
0%
Deschampsia cespitosa
0%
Festuca ovina
0%
Leymus arenarius
0%
Melica nutans
0%
Milium effusum
0%
Poa pratensis
0%
No matching quizzes found
Score Distribution
Percent of People with Each Score
Percentile by Number Answered
Your Score History
You have not taken this quiz